Responses for show #5289 - Thursday, September 13, 2007

Contestants

[<< previous game]

Kim Murphy, a minister and police chaplain from Glenbrook, Maine

Dave Henek, a window cleaner from Appleton, Wisconsin

Rick Kent, a paralegal from Los Angeles, California (whose 2-day cash winnings total $49,602)

[next game >>]

Jeopardy! Round responses

I HOP
INTERNATIONAL
"HOW"s
OF PAIN
CAKES
A SIDE OF BACON
(Alex: Kevin Bacon, mind you.)
    $200 1
kangaroo

Dave
    $200 19
Australia

Dave
    $200 21
Eisenhower

Dave
    $200 3
arthritis

Kim
    $200 10
devil's food cake

Kim
    $200 7
Apollo 13

Dave
    $400 2
(Kim: What are frogs?)
(Alex: Pair.)
(Kim: Errr... what are [*]?)

frogs & toads

Kim
    $400 20
Wales

Rick
    $400 25
shower

Dave
    $400 4
contractions

Dave
    $400 11
carrot cake

Kim
    $400 8
A Few Good Men

Rick
    $600 15
rabbit

Dave
    $600 22
Egypt

Dave
    $600 26
chowder

Rick
    $600 5
bellyache

Triple Stumper
    $600 12
sight

Kim
    $600 9
Friday the 13th

Kim
    $800 17
grasshopper

Kim
    $800 23
Cyprus

Dave
    $800 30
howler monkey

Kim
    $800 6
spasms

Rick
    $600 13
Bundt cake

Kim
    $800 28
(Kim: What is Mister... umm...)
(Alex: Oh, too much time!)

Mister Roberts

RickKim
    $1000 18
flea

Kim
    $1000 24
(Rick: What is Brazil?)

Argentina

RickDave
    $1000 29
Howitzer

Kim
    $1000 16
phantom limb

Kim
    $1000 14
(Dave: What is cherry red?)

Black Forest cake

Dave
Triple Stumper
    $1000 27
Diner

Dave

Scores at the first commercial break (after clue 15):

Rick Dave Kim
$1,200 $400 $3,000

Scores at the end of the Jeopardy! Round:

Rick Dave Kim
$2,000 $4,600 $6,800

Double Jeopardy! Round responses

LITERARY CHARACTERS
POP ON A CD
(Alex: You have to list the name of the artist on the CDs we're gonna list for you.)
ONE THING OR ANOTHER
EVERYBODY HATES CHRIS
LET'S GO TO SURINAME
BEFORE & AFTER MATH
    $400 6
(Alex: [*], Moby Dick.)

Ishmael

Kim
    $400 1
Elton John

Dave
    $400 17
blimps

Kim
    $400 11
Christopher Columbus

Rick
    $400 16
Hindu

Rick
    $400 26
Shelley Long Division

Dave
    $800 7
Oliver Twist

Rick
    $800 2
Janet Jackson

Kim
    $800 18
sugar

Rick
    $800 12
(Rick: Who is Chris Wallace?)

Chris Matthews

RickDave
    $800 19
the Dutch

Kim
    $800 27
Mason-Dixon Line Segment

Triple Stumper
    $1200 8
Philip Marlowe

Rick
    $1200 3
(Dave: Who is Survivor?)

Destiny's Child

Dave
Triple Stumper
    $1200 23
Bayer

Dave
    $3,000 13
(Dave: Boy, Alex, I've always wanted to say this, I'd like to solve the puzzle.)
[Laughter]
(Alex: [Jokingly] C'mere! C'mere! You wanna piece of me?)

Christopher Marlowe

Dave
    $1200 20
Alcoa

Dave
    $1200 28
Trafalgar Square Root

Kim
    $1600 9
Scout (Finch)

Dave
    $1600 4
(Alex: You saw her on American Idol, [*].)

Kelly Clarkson

Triple Stumper
    $1600 24
a dog

Kim
    $1600 14
Christopher Wren

Dave
    $5,000 21
(Dave: I'll bet $5,000.)
(Alex: That'll buy you a lot of vowels.)
...
(Dave: What is French Guyana?)
(Alex: Mmm... no--we're going to accept that pronunciation? It's French Guiana, but our judges are saying we're giving you the thumbs up, so good for you, you have $19,000!)

French Guiana

Dave
    $1600 29
(Kim: What are even numbers?)

Breaking even numbers

Kim
Triple Stumper
    $2000 10
(Alex: The Slaughterhouse Five, correct.)

Billy Pilgrim

Rick
    $2000 5
Prince

Rick
    $2000 25
plumb

Triple Stumper
    $2000 15
Christian Dior

Dave
    $2000 22
(Dave: What is Paramarimbo?)
...
(Alex: You added one letter too many--the "M"--it's [*], not Marimbo.)

Paramaribo

Dave
Triple Stumper
    $2000 30
Dudley Do-Right angle

Kim

Scores at the end of the Double Jeopardy! Round:

Rick Dave Kim
$8,800 $18,600 $12,400

[wagering suggestions for these scores]

Final Jeopardy! Round responses

GREAT MOMENTS IN THE 20th CENTURY
RickWho are the Wright Brothers?
$8,800
KimWho is Perry & Almudsen
$6,600
DaveWho are Cook + Perry
$6,100
Orville and Wilbur Wright

Final scores:

Rick Dave Kim
$17,600 $12,500 $5,800
3-day champion: $67,202 2nd place: $2,000 3rd place: $1,000

Game dynamics:

Coryat scores:

Rick Dave Kim
$8,800 $13,400 $12,600
12 R,
2 W
21 R
(including 2 DDs),
3 W
19 R
(including 1 DD),
2 W

Combined Coryat: $34,800

The J! Archive is created by fans, for fans. The Jeopardy! game show and all elements thereof, including but not limited to copyright and trademark thereto, are the property of Jeopardy Productions, Inc. and are protected under law. This website is not affiliated with, sponsored by, or operated by Jeopardy Productions, Inc. Join the discussion at JBoard.tv.